01679cam a22003735a 45000010009000000050017000090080041000260200015000670200018000820400033001000820020001332450144001532500012002972600054003093000036003635000224003995000057006235000024006805040041007046500032007456500036007776500020008136500049008336500053008826500045009356510010009806530031009906550024010217000042010457000029010879420020011169990017011369520152011531677634520150812160303.0110510t2013 mdua frb 001 0 eng d a0763774146 a9780763774141 aDNLM/DLCcDLCdEG-ScBUEbeng04a610.73bCLI22200aClinical guidelines for advanced practice nursing :ban interdisciplinary approach /cedited by Geraldine M. Collins-Bride, JoAnne M. Saxe. a2nd ed. aBurlington :bJones & Bartlett Learning,cc.2013. axxiii, 647 p. :bill. ;c28 cm. aRev. ed. of: Nurse practitioner/physician collaborative practice / edited by Geraldine M. Collins-Bride and JoAnne M. Saxe. San Francisco, Calif. : School of Nursing, University of California, UCSF Nursing Press, c1998. a"In cooperation with UCSF School of Nursing"--Cover. aIndex : p. 629-647. aIncludes bibliographical references. 0aNurse practitioners.2BUEsh 0aPrimary care (Medicine).2BUEsh 0aNursing.2BUEsh12aAdvanced Practice NursingvGuideline.2BUEsh22aClinical ProtocolsxstandardsvGuideline.2BUEsh22aNursing CarexmethodsvGuideline.2BUEsh 2BUEsh bNNURcJuly2015cAugust2015 vreading book9342321 aCollins-Bride, Geraldine M.,eeditor.1 aSaxe, JoAnne M.eeditor. 2ddck610.73 CLI c20133d20105 00102ddc40708AlahramaMAINbMAINc1STd2015-07-02epurchaseg456.00h323l1o610.73 CLIp000038802r2025-07-15 00:00:00s2016-03-07v570.00yBB